| 000 | 00509nam a2200193Ia 4500 | ||
|---|---|---|---|
| 003 | OSt | ||
| 005 | 20230509111409.0 | ||
| 008 | 210423s2006 xx 000 0 und d | ||
| 040 | _cAL | ||
| 041 | _aeng | ||
| 082 |
_a574.80285 _223 _b ATTT |
||
| 100 |
_aATTAWOOD (Teresa K);PARRY SMITH (David J). _9100548 |
||
| 245 | _aIntroduction to bioinformatics. | ||
| 260 |
_aNew Delhi _bPearson Education Pvt Ltd _c2006 |
||
| 300 | _axx,218 | ||
| 365 |
_b160 _cINR |
||
| 906 | _abioinformatics. | ||
| 942 |
_2ddc _cBK |
||
| 999 |
_c163981 _d163981 |
||